000 00897pam a2200301 i 4500
999 _c5408
_d5408
001 019665625
003 Uk
005 20250910154622.0
008 191127t20202020stka j 000|1|eng|d
020 _a9781781129272
_q(pbk.)
040 _aStDuBDS
_beng
_cStDuBDS
_dUk
_dKH8
_erda
042 _aukblcatcopy
082 _aFIC STR
100 1 _aStrong, Jeremy,
_d1949-
_eauthor.
245 1 0 _aCaptain whiskers /
_cJeremy Strong ; illustrated by Matt Robertson.
264 1 _aEdinburgh :
_bBarrington Stoke,
_c2020.
264 4 _c©2020
300 _a78 pages :
_billustrations (colour) ;
_c17 cm.
336 _atext
_2rdacontent
336 _astill image
_2rdacontent
337 _aunmediated
_2rdamedia
338 _avolume
_2rdacarrier
490 0 _aLittle gems
655 0 _aHumorous stories.
655 0 _aChildren's stories.
700 1 _aRobertson, Matt,
_eillustrator.
942 _2ddc
_cER